Proposed method for the determination of the biodegradability of surfactants used in synthetic detergents /

Bibliographic Details
Corporate Author: Organisation for Economic Co-operation and Development. Environment Directorate
Format: Book
Language:English
Published: Paris : Organisation for Economic Co-operation and Development, 1976.
Subjects:

MARC

Tag First Indicator Second Indicator Subfields
LEADER 00000cam a2200000 i 4500
001 in00000622721
005 20151014171922.0
008 770708s1976 fr a i00010 eng
010 |a  77359329  
015 |a F*** 
035 |a (OCoLC)02360740 
035 |9 ACS7485AM 
040 |a DLC  |c DLC  |d TXA  |d UtOrBLW 
049 |a TXAM  |c [1437245] 
050 0 0 |a TP994  |b .O73 1976 
082 0 |a 668/.14 
110 2 |a Organisation for Economic Co-operation and Development.  |b Environment Directorate. 
245 1 0 |a Proposed method for the determination of the biodegradability of surfactants used in synthetic detergents /  |c OECD Environment Directorate. 
264 1 |a Paris :  |b Organisation for Economic Co-operation and Development,  |c 1976. 
300 |a 51 pages :  |b illustrations ;  |c 30 cm. 
336 |a text  |b txt  |2 rdacontent 
337 |a unmediated  |b n  |2 rdamedia 
338 |a volume  |b nc  |2 rdacarrier 
500 |a Cover title. 
650 0 |a Surface active agents  |x Analysis. 
650 0 |a Detergents  |x Biodegradation. 
999 |a MARS 
999 f f |s 3a5f55f9-a149-333f-85f7-6c9c5cd6ea08  |i 4aad6a1b-d1c9-3d60-affa-951585219b3a  |t 0 
952 f f |p ric  |a Texas A&M University  |b Rellis Campus  |c Joint Library Facility  |d Remote Storage  |t 0  |e TP994 .O73 1976  |h Library of Congress classification  |i unmediated -- volume  |m A14805619665 
998 f f |a TP994 .O73 1976  |t 0  |l Remote Storage